[Event "Laval XIII"]
[Site "Laval CAN"]
[Date "1996.04.19"]
[Round "1"]
[White "Hebert, Jean"]
[Black "Caceres Cortes, Julio"]
[Result "1-0"]
[WhiteElo "2454"]
[BlackElo "1975"]
[PlyCount "81"]
[GameId "2160767912050300"]
[EventDate "1996.04.19"]
[EventType "swiss"]
[EventRounds "5"]
[EventCountry "CAN"]
[SourceTitle "EXT 2022"]
[Source "ChessBase"]
[SourceDate "2021.10.06"]
[SourceVersion "1"]
[SourceVersionDate "2021.10.06"]
[SourceQuality "1"]

1. Nf3 Nf6 2. d4 g6 3. Bf4 Bg7 4. e3 O-O 5. h3 d6 6. Nbd2 b6 7. c3 Bb7 8. Be2 Nbd7 9. O-O Ne4 10. Nxe4 Bxe4 11. a4 e5 12. Bh2 Qe7 13. a5 h6 14. Qa4 c6 15. dxe5 Nc5 16. exd6 Qe6 17. Qd1 Nb3 18. Ra3 Nxa5 19. Nd2 Bd5 20. Qa1 Be5 21. Bxe5 Qxe5 22. b4 Qg5 23. e4 Qxd2 24. exd5 Nb7 25. dxc6 Nxd6 26. Ra2 Qg5 27. Rxa7 Rac8 28. Bf3 Nc4 29. h4 Qxh4 30. Re1 Qg5 31. Qd1 Rce8 32. Rxe8 Rxe8 33. Bd5 Ne5 34. c7 Qf5 35. Ra8 Rc8 36. Be4 Qf4 37. Rxc8+ Kh7 38. Rh8+ Kxh8 39. c8=Q+ Kh7 40. Bd5 Nd3 41. Qxd3 1-0

[Event "Laval XIII"]
[Site "Laval CAN"]
[Date "1996.04.20"]
[Round "2"]
[White "Larochelle, Martial"]
[Black "Hebert, Jean"]
[Result "0-1"]
[WhiteElo "2025"]
[BlackElo "2454"]
[PlyCount "82"]
[GameId "2160767912050301"]
[EventDate "1996.04.19"]
[EventType "swiss"]
[EventRounds "5"]
[EventCountry "CAN"]
[SourceTitle "EXT 2022"]
[Source "ChessBase"]
[SourceDate "2021.10.06"]
[SourceVersion "1"]
[SourceVersionDate "2021.10.06"]
[SourceQuality "1"]

1. e4 e6 2. d4 d5 3. e5 c5 4. c3 Nc6 5. Nf3 Bd7 6. Be2 f6 7. O-O fxe5 8. Nxe5 Nxe5 9. dxe5 Qc7 10. Re1 O-O-O 11. c4 d4 12. Bd3 Ne7 13. Nd2 Nc6 14. Nf3 Be7 15. a3 h6 16. Bd2 g5 17. h3 Rdg8 18. b4 g4 19. hxg4 Rxg4 20. bxc5 Rhg8 21. Bf1 Bxc5 22. Bb4 Ne7 23. Ra2 Nf5 24. Rd2 a5 25. Bxc5 Qxc5 26. Qb3 Bc6 27. Rb2 R8g7 28. Qd3 Bxf3 29. Qxf3 Nh4 30. Qh3 Qc6 31. Reb1 Nxg2 32. f3 Nf4+ 33. Qxg4 Rxg4+ 34. fxg4 d3 35. Rxb7 Qxb7 36. Rxb7 Kxb7 37. Kf2 d2 38. Be2 Kb6 39. Bd1 Nd3+ 40. Ke3 Nb2 41. Kxd2 Nxd1 0-1

[Event "Laval XIII"]
[Site "Laval CAN"]
[Date "1996.04.20"]
[Round "3"]
[White "Hebert, Jean"]
[Black "Luksza, Arkadiusz"]
[Result "1-0"]
[WhiteElo "2454"]
[BlackElo "2127"]
[PlyCount "73"]
[GameId "2160767912050304"]
[EventDate "1996.04.19"]
[EventType "swiss"]
[EventRounds "5"]
[EventCountry "CAN"]
[SourceTitle "EXT 2022"]
[Source "ChessBase"]
[SourceDate "2021.10.06"]
[SourceVersion "1"]
[SourceVersionDate "2021.10.06"]
[SourceQuality "1"]

1. c4 Nf6 2. Nc3 g6 3. e4 d6 4. d4 Bg7 5. Nf3 O-O 6. Be2 e5 7. O-O exd4 8. Nxd4 Re8 9. f3 Nc6 10. Be3 Nh5 11. f4 Nf6 12. Bf3 Ng4 13. Bxg4 Bxg4 14. Qd2 Bd7 15. Rae1 a6 16. Nxc6 Bxc6 17. Bd4 Qd7 18. Bxg7 Kxg7 19. Qd4+ f6 20. h3 h5 21. Re3 b5 22. Rg3 Kf7 23. Rc1 Rac8 24. b3 Qe6 25. Re1 b4 26. Nd5 a5 27. Rxg6 Bxd5 28. cxd5 Qe7 29. Rg3 Rg8 30. Rf3 Rg7 31. e5 Rcg8 32. Re2 Rg3 33. Qd3 h4 34. Rxg3 Rxg3 35. Qh7+ Rg7 36. Qh5+ Kf8 37. exf6 1-0

[Event "Laval XIII"]
[Site "Laval CAN"]
[Date "1996.04.21"]
[Round "4"]
[White "Schleifer, Michael"]
[Black "Hebert, Jean"]
[Result "0-1"]
[WhiteElo "2356"]
[BlackElo "2454"]
[PlyCount "90"]
[GameId "2160767912050305"]
[EventDate "1996.04.19"]
[EventType "swiss"]
[EventRounds "5"]
[EventCountry "CAN"]
[SourceTitle "EXT 2022"]
[Source "ChessBase"]
[SourceDate "2021.10.06"]
[SourceVersion "1"]
[SourceVersionDate "2021.10.06"]
[SourceQuality "1"]

1. d4 Nf6 2. Nf3 e6 3. Bg5 h6 4. Bxf6 Qxf6 5. e4 d6 6. g3 Nd7 7. Bg2 g6 8. O-O Bg7 9. c3 O-O 10. a4 Qe7 11. Nbd2 a5 12. Re1 b6 13. Nc4 Bb7 14. Na3 Rfd8 15. Qc2 Rac8 16. Rad1 Re8 17. h4 Rf8 18. Qb3 Kh8 19. Nc4 Rb8 20. Qa3 Qd8 21. e5 Bxf3 22. Bxf3 d5 23. Nd2 c5 24. Bg2 cxd4 25. cxd4 b5 26. axb5 Rxb5 27. Rc1 Qb6 28. Nf3 Rxb2 29. h5 g5 30. g4 Qb4 31. Ra1 Ra8 32. Rec1 Qxa3 33. Rxa3 Nb6 34. Rc7 Kg8 35. Bf1 Bf8 36. Ra1 a4 37. Kg2 a3 38. Bd3 a2 39. Rc2 Rxc2 40. Bxc2 Ra3 41. Ng1 Bb4 42. Ne2 Bd2 43. Kf1 Nc4 44. Kg2 Na5 45. Kf1 Nc6 0-1

[Event "Laval XIII"]
[Site "Laval CAN"]
[Date "1996.04.21"]
[Round "5"]
[White "Hebert, Jean"]
[Black "Girard, Robin"]
[Result "1/2-1/2"]
[WhiteElo "2454"]
[BlackElo "2248"]
[PlyCount "28"]
[GameId "2160767912050307"]
[EventDate "1996.04.19"]
[EventType "swiss"]
[EventRounds "5"]
[EventCountry "CAN"]
[SourceTitle "EXT 2022"]
[Source "ChessBase"]
[SourceDate "2021.10.06"]
[SourceVersion "1"]
[SourceVersionDate "2021.10.06"]
[SourceQuality "1"]

1. Nf3 d6 2. d4 g6 3. e4 Nf6 4. Nc3 Bg7 5. h3 O-O 6. Be3 Nc6 7. Bb5 a6 8. Bxc6 bxc6 9. Qd2 Rb8 10. b3 c5 11. Bh6 cxd4 12. Nxd4 Bb7 13. Bxg7 Kxg7 14. f3 e5 1/2-1/2

[Event "Mauricie op"]
[Site "Trois-Rivieres CAN"]
[Date "1996.03.15"]
[Round "1"]
[White "Hebert, Jean"]
[Black "Desrosiers, Alain"]
[Result "1-0"]
[WhiteElo "2443"]
[BlackElo "2050"]
[PlyCount "64"]
[GameId "2160767912058612"]
[EventDate "1996.03.15"]
[EventType "swiss"]
[EventRounds "5"]
[EventCountry "CAN"]

1. d4 d5 2. Nf3 Nf6 3. c4 c6 4. e3 e6 5. Nbd2 Nbd7 6. Bd3 Bd6 7. O-O O-O 8. e4 dxe4 9. Nxe4 Nxe4 10. Bxe4 h6 11. Be3 f5 12. Bc2 Qf6 13. c5 Bc7 14. Bb3 Kh8 15. Re1 e5 16. dxe5 Nxe5 17. Bf4 Nxf3+ 18. Qxf3 Bxf4 19. Qxf4 b6 20. Rad1 bxc5 21. Rd6 Qg5 22. Qxg5 hxg5 23. Re7 Ba6 24. Rxc6 Rfe8 25. Rxe8+ Rxe8 26. h4 c4 27. Ba4 Re1+ 28. Kh2 Bb7 29. Rc7 Bd5 30. hxg5 Re2 31. g6 Rxf2 32. Rc8+ Bg8 1-0

[Event "Mauricie op"]
[Site "Trois-Rivieres CAN"]
[Date "1996.03.16"]
[Round "2"]
[White "Moussa, Alaa Eddine"]
[Black "Hebert, Jean"]
[Result "0-1"]
[WhiteElo "2163"]
[BlackElo "2443"]
[PlyCount "68"]
[GameId "2160767912058613"]
[EventDate "1996.03.15"]
[EventType "swiss"]
[EventRounds "5"]
[EventCountry "CAN"]

1. d4 Nf6 2. c4 e6 3. Nf3 Bb4+ 4. Bd2 Qe7 5. g3 Nc6 6. Bg2 Bxd2+ 7. Nbxd2 d6 8. O-O O-O 9. a3 a5 10. Qc2 a4 11. Rac1 e5 12. e3 g6 13. h3 Re8 14. Nb1 Bf5 15. Qd1 Na5 16. Qxa4 Bd3 17. Rfd1 Nxc4 18. Qb3 e4 19. Ne1 Na5 20. Qa2 Bxb1 21. Qxb1 d5 22. Bf1 Qd7 23. Rc3 Nc4 24. Qc1 c6 25. Nc2 Nd6 26. Na1 h5 27. Nb3 h4 28. Qd2 Nh7 29. Qe2 hxg3 30. fxg3 Ng5 31. g4 Nf3+ 32. Kh1 f5 33. Nd2 fxg4 34. Nxf3 exf3 0-1

[Event "Mauricie op"]
[Site "Trois-Rivieres CAN"]
[Date "1996.03.16"]
[Round "3"]
[White "Hebert, Jean"]
[Black "Leveille, Francois"]
[Result "1-0"]
[WhiteElo "2443"]
[BlackElo "2351"]
[PlyCount "39"]
[GameId "2160767912058614"]
[EventDate "1996.03.15"]
[EventType "swiss"]
[EventRounds "5"]
[EventCountry "CAN"]

1. d4 d5 2. Nf3 c6 3. c4 Nf6 4. e3 Bf5 5. cxd5 cxd5 6. Nc3 e6 7. Ne5 Nfd7 8. Qb3 Nxe5 9. dxe5 Qd7 10. Bb5 Nc6 11. e4 Bxe4 12. Nxe4 dxe4 13. O-O Be7 14. Qg3 Kf8 15. Be3 Qd5 16. Bxc6 Qxc6 17. Rac1 Qb5 18. Qf4 f5 19. exf6 gxf6 20. Bc5 1-0

[Event "Mauricie op"]
[Site "Trois-Rivieres CAN"]
[Date "1996.03.17"]
[Round "4"]
[White "Gardner, Robert"]
[Black "Hebert, Jean"]
[Result "0-1"]
[WhiteElo "2171"]
[BlackElo "2443"]
[PlyCount "96"]
[GameId "2160767912058615"]
[EventDate "1996.03.15"]
[EventType "swiss"]
[EventRounds "5"]
[EventCountry "CAN"]

1. e4 e6 2. d4 d5 3. Nd2 Nf6 4. e5 Nfd7 5. f4 c5 6. c3 cxd4 7. cxd4 Nc6 8. Ndf3 Nb6 9. Bd3 Bd7 10. Ne2 h5 11. O-O g6 12. h3 h4 13. g4 hxg3 14. Kg2 Nb4 15. Bb1 Bb5 16. a3 Nc6 17. Rh1 Bxe2 18. Qxe2 Nc8 19. b4 Qb6 20. Be3 N8e7 21. Ng5 Bh6 22. Rc1 Bxg5 23. fxg5 Rh4 24. b5 Na5 25. Kxg3 Rh5 26. Rc3 Kd7 27. Bd3 Rah8 28. Rh1 Rh4 29. Qf3 Nf5+ 30. Bxf5 gxf5 31. Kg2 Qxb5 32. Bf2 Re4 33. Rhc1 Nc4 34. Rb3 Qa6 35. Qc3 Qc6 36. Qb4 b6 37. Rg3 a5 38. Qc3 Rg8 39. Rh1 f4 40. Rd3 Rxg5+ 41. Kf3 Qa8 42. Rg1 Rxg1 43. Bxg1 Qg8 44. Bf2 Qg6 45. Qb3 Rxe5 46. Qb5+ Kc7 47. Rc3 Qe4+ 48. Kg4 Qg2+ 0-1

[Event "Mauricie op"]
[Site "Trois-Rivieres CAN"]
[Date "1996.03.17"]
[Round "5"]
[White "Schleifer, Michael"]
[Black "Hebert, Jean"]
[Result "1/2-1/2"]
[WhiteElo "2355"]
[BlackElo "2443"]
[PlyCount "67"]
[GameId "2160767912058617"]
[EventDate "1996.03.15"]
[EventType "swiss"]
[EventRounds "5"]
[EventCountry "CAN"]

1. e4 e6 2. d4 d5 3. Nd2 c5 4. exd5 Qxd5 5. Ngf3 cxd4 6. Bc4 Qd6 7. O-O Nf6 8. Nb3 Nc6 9. Nbxd4 Nxd4 10. Nxd4 Bd7 11. Re1 O-O-O 12. c3 Qc7 13. Qe2 Bd6 14. h3 Kb8 15. a4 Bh2+ 16. Kh1 Bf4 17. Nb5 Bxb5 18. axb5 Bxc1 19. Raxc1 Rd7 20. b3 Rhd8 21. Rc2 Nd5 22. Ra1 Nb6 23. Rca2 Nc8 24. g3 g6 25. Kg2 h5 26. h4 Qc5 27. Qf3 Re8 28. Qf6 Red8 29. Qf4+ Qd6 30. Qe3 Qb6 31. Qg5 Qc7 32. Qe3 Qb6 33. Qg5 Qc7 34. Qe3 1/2-1/2

[Event "Interclubs"]
[Site "Montreal CAN"]
[Date "1996.03.20"]
[Round "3"]
[White "Berube, Richard"]
[Black "Hebert, Jean"]
[Result "1/2-1/2"]
[WhiteElo "2323"]
[BlackElo "2460"]
[PlyCount "56"]
[GameId "2160767912058662"]
[EventDate "1996.03.01"]
[EventRounds "5"]
[EventCountry "CAN"]
[SourceTitle "FQE 01"]

1. e4 e6 2. d4 d5 3. Nc3 Bb4 4. e5 c5 5. a3 Ba5 6. b4 cxd4 7. Qg4 Ne7 8. Nb5 Bc7 9. Nf3 Nbc6 10. Bf4 Ng6 11. Bd3 Nxf4 12. Nxc7+ Qxc7 13. Qxf4 f6 14. Bb5 O-O 15. Bxc6 bxc6 16. O-O Ba6 17. Rfe1 d3 18. cxd3 Bxd3 19. Nd4 Rae8 20. Qg3 Be4 21. Rac1 Qb6 22. Nxc6 fxe5 23. Qe3 Qa6 24. Nxe5 Rc8 25. Nd7 Rfe8 26. f3 Bg6 27. Rxc8 Qxc8 28. Ne5 Qa6 1/2-1/2

[Event "Beauce op"]
[Site "Ste-Marie-de-Beauce CAN"]
[Date "1995.09.22"]
[Round "1"]
[White "Fecteau, Martin"]
[Black "Hebert, Jean"]
[Result "0-1"]
[WhiteElo "1941"]
[BlackElo "2460"]
[PlyCount "97"]
[GameId "2160767912063704"]
[EventDate "1995.09.22"]
[EventType "swiss"]
[EventRounds "5"]
[EventCountry "CAN"]

1. d4 Nf6 2. c4 e6 3. Nc3 Bb4 4. Nf3 b6 5. g3 Bb7 6. Bg2 Bxc3+ 7. bxc3 d6 8. O-O Nbd7 9. a4 a5 10. Qb3 Rb8 11. Bg5 O-O 12. Rfd1 Qc8 13. Rac1 Ne4 14. Be3 Re8 15. Bh3 h6 16. Nd2 Ng5 17. Bxg5 hxg5 18. Qc2 g6 19. Ne4 Qd8 20. Bg2 Kg7 21. Qd2 f6 22. f3 Bxe4 23. fxe4 Qe7 24. Re1 Rh8 25. e3 Rh6 26. Bf1 Rbh8 27. Re2 e5 28. Qc2 Re8 29. Bg2 Qe6 30. Qd3 Reh8 31. Bh1 Qg4 32. Rg2 f5 33. exf5 gxf5 34. Rf1 e4 35. Qb1 Nf6 36. Qb5 Rxh2 37. Rxh2 Qxg3+ 38. Rg2 Qxe3+ 39. Rff2 Qe1+ 40. Rf1 Rxh1+ 41. Kxh1 Qxf1+ 42. Kh2 Qf4+ 43. Kh1 e3 44. Qb1 Ng4 45. Qe1 Qf3 46. Kg1 Qf2+ 47. Rxf2 exf2+ 48. Qxf2 Nxf2 49. Kxf2 0-1

[Event "Beauce op"]
[Site "Ste-Marie-de-Beauce CAN"]
[Date "1995.09.23"]
[Round "2"]
[White "Hebert, Jean"]
[Black "Lacroix, Serge"]
[Result "1-0"]
[WhiteElo "2460"]
[BlackElo "1887"]
[PlyCount "57"]
[GameId "2160767912063707"]
[EventDate "1995.09.22"]
[EventType "swiss"]
[EventRounds "5"]
[EventCountry "CAN"]

1. e4 e5 2. Bc4 Nf6 3. d3 d5 4. exd5 Nxd5 5. Nf3 Nc6 6. O-O Nb6 7. Bb5 Bd6 8. Re1 Bg4 9. Nxe5 Bxd1 10. Nxc6+ Kf8 11. Nxd8 Rxd8 12. Rxd1 a6 13. Nc3 axb5 14. Nxb5 Be5 15. Re1 Rd5 16. Nc3 Ra5 17. Bd2 f6 18. Ne2 Rd5 19. Bc3 Bd6 20. Bd4 c5 21. Be3 g5 22. Nc3 Rf5 23. Ne4 Be7 24. b4 Nd5 25. Bxc5 Nxb4 26. Bxb4 Bxb4 27. Reb1 Ba5 28. Rxb7 h5 29. Rab1 1-0

[Event "Beauce op"]
[Site "Ste-Marie-de-Beauce CAN"]
[Date "1995.09.23"]
[Round "3"]
[White "Schleifer, Michael"]
[Black "Hebert, Jean"]
[Result "0-1"]
[WhiteElo "2359"]
[BlackElo "2460"]
[PlyCount "74"]
[GameId "2160767912063710"]
[EventDate "1995.09.22"]
[EventType "swiss"]
[EventRounds "5"]
[EventCountry "CAN"]

1. d4 Nf6 2. c4 e6 3. e3 b6 4. a3 Bb7 5. Nc3 d5 6. Nf3 Nbd7 7. cxd5 exd5 8. Bd3 Bd6 9. O-O O-O 10. b4 Re8 11. Qb3 a6 12. Bb2 Rb8 13. b5 axb5 14. Nxb5 Bf8 15. Rac1 c5 16. Bf5 c4 17. Qc2 g6 18. Bh3 Bc6 19. a4 Ne4 20. Na7 Ba8 21. Ne5 Nxe5 22. dxe5 Bg7 23. f4 Nc5 24. Bd4 f6 25. f5 fxe5 26. Bxc5 bxc5 27. fxg6 Qg5 28. gxh7+ Kh8 29. Rf3 e4 30. Rg3 Qe5 31. Nb5 Bc6 32. Rb1 c3 33. Rf1 Rf8 34. Re1 Bxb5 35. axb5 Rxb5 36. Rg6 Rb2 37. Qc1 c2 0-1

[Event "Beauce op"]
[Site "Ste-Marie-de-Beauce CAN"]
[Date "1995.09.24"]
[Round "5"]
[White "Rousseau, Daniel"]
[Black "Hebert, Jean"]
[Result "1/2-1/2"]
[WhiteElo "2034"]
[BlackElo "2460"]
[PlyCount "24"]
[GameId "2160767912063713"]
[EventDate "1995.09.22"]
[EventType "swiss"]
[EventRounds "5"]
[EventCountry "CAN"]
[SourceTitle "hb 2011"]

1. e4 c5 2. Nf3 Nc6 3. d4 cxd4 4. Nxd4 e5 5. Nb5 d6 6. N1c3 a6 7. Na3 Be6 8. Nc4 Be7 9. a4 Nf6 10. Be3 O-O 11. Nb6 Rb8 12. Be2 Nb4 1/2-1/2

[Event "Quebec-ch semi-rapide"]
[Site "Montreal CAN"]
[Date "1995.09.17"]
[Round "1"]
[White "Desrosiers, Alain"]
[Black "Hebert, Jean"]
[Result "0-1"]
[WhiteElo "1556"]
[BlackElo "2422"]
[PlyCount "92"]
[GameId "2160767912063716"]
[EventDate "1995.09.17"]
[EventType "swiss (rapid)"]
[EventRounds "6"]
[EventCountry "CAN"]

1. e4 e6 2. d4 d5 3. Nc3 Bb4 4. e5 c5 5. a3 Bxc3+ 6. bxc3 Ne7 7. Nf3 Nbc6 8. h4 Qa5 9. Bd2 Qa4 10. Qb1 c4 11. h5 h6 12. Be2 Kd8 13. Nh4 Bd7 14. O-O Kc7 15. g3 Raf8 16. Bg4 g6 17. Ng2 f6 18. exf6 Rxf6 19. Bf4+ Kc8 20. Be5 Nxe5 21. dxe5 Rff8 22. Nf4 Rxf4 23. gxf4 Rf8 24. Qc1 gxh5 25. Bxh5 Be8 26. Bxe8 Qxe8 27. Qe3 Qh5 28. f3 Rg8+ 29. Kf2 b6 30. Rh1 Qf5 31. Rag1 Rxg1 32. Kxg1 Qg6+ 33. Kf1 Nf5 34. Qg1 Qg3 35. Qxg3 Nxg3+ 36. Kg2 Nxh1 37. Kxh1 b5 38. Kg2 Kd7 39. f5 exf5 40. f4 a5 41. Kf3 h5 42. Kf2 h4 43. Kf3 Ke6 44. Kf2 d4 45. cxd4 b4 46. axb4 axb4 0-1

[Event "Quebec-ch semi-rapide"]
[Site "Montreal CAN"]
[Date "1995.09.17"]
[Round "2"]
[White "Hebert, Jean"]
[Black "Reeve, Jeff"]
[Result "1-0"]
[WhiteElo "2422"]
[BlackElo "2204"]
[PlyCount "89"]
[GameId "2160767912063717"]
[EventDate "1995.09.17"]
[EventType "swiss (rapid)"]
[EventRounds "6"]
[EventCountry "CAN"]

1. c4 g6 2. Nc3 Bg7 3. d4 Nf6 4. e4 d6 5. Nf3 O-O 6. Be2 e5 7. Be3 Ng4 8. Bg5 f6 9. Bc1 Nh6 10. O-O Nc6 11. d5 Ne7 12. b4 a5 13. bxa5 Rxa5 14. Nd2 b6 15. a4 f5 16. Nb3 Ra8 17. f3 f4 18. Bd2 g5 19. Nb5 Nf7 20. a5 Ng6 21. axb6 Rxa1 22. Qxa1 cxb6 23. Bb4 h5 24. Qd1 Qe7 25. Nc1 Kh7 26. Nd3 Rg8 27. Nf2 Bf8 28. h3 Nh4 29. Qa1 Qf6 30. Qa7 Rg7 31. Qc7 Bxh3 32. gxh3 g4 33. hxg4 Ng5 34. Qc8 Ngxf3+ 35. Bxf3 Nxf3+ 36. Kg2 Nh4+ 37. Kh1 Be7 38. Qe6 Qg5 39. Bxd6 Bxd6 40. Nxd6 Ng6 41. gxh5 f3 42. Rg1 Qh4+ 43. Qh3 Qxh3+ 44. Nxh3 Ra7 45. hxg6+ 1-0

[Event "Quebec-ch semi-rapide"]
[Site "Montreal CAN"]
[Date "1995.09.17"]
[Round "6"]
[White "Hebert, Jean"]
[Black "Linskiy, Oleg"]
[Result "1/2-1/2"]
[WhiteElo "2422"]
[BlackElo "2209"]
[PlyCount "53"]
[GameId "2160767912063719"]
[EventDate "1995.09.17"]
[EventType "swiss (rapid)"]
[EventRounds "6"]
[EventCountry "CAN"]

1. d4 Nf6 2. c4 c5 3. d5 e6 4. Nc3 exd5 5. cxd5 Bd6 6. Nf3 Bc7 7. g3 d6 8. Bg2 O-O 9. O-O a6 10. a4 Nbd7 11. Bf4 Re8 12. Qc2 Nf8 13. Rad1 Ng6 14. Bc1 Bd7 15. Ng5 b5 16. f4 b4 17. Nce4 Nxe4 18. Bxe4 Qf6 19. Bd3 b3 20. Qc4 Qd4+ 21. Qxd4 cxd4 22. Bd2 Bxa4 23. Rc1 Bb6 24. Ne4 Ne7 25. Ra1 Bb5 26. Nxd6 Bxd3 27. exd3 1/2-1/2

[Event "Montreal op"]
[Site "Montreal CAN"]
[Date "1995.09.02"]
[Round "1"]
[White "Hebert, Jean"]
[Black "Clement, Michel"]
[Result "1-0"]
[WhiteElo "2480"]
[BlackElo "2011"]
[PlyCount "65"]
[GameId "2160767912063749"]
[EventDate "1995.09.02"]
[EventType "swiss"]
[EventRounds "5"]
[EventCountry "CAN"]
[SourceTitle "hb 2009.06"]

1. d4 f5 2. Nc3 Nf6 3. Bg5 c6 4. Bxf6 exf6 5. e3 d5 6. Bd3 Be6 7. Qf3 g6 8. h3 Nd7 9. g4 fxg4 10. hxg4 Bg7 11. Rxh7 Rxh7 12. Bxg6+ Ke7 13. Bxh7 Qh8 14. Bf5 Bxf5 15. Qxf5 Qh6 16. O-O-O Qg5 17. Qf3 f5 18. gxf5 Rf8 19. Nh3 Qxf5 20. Qxf5 Rxf5 21. Rg1 Bh6 22. Kd2 Rf3 23. Rh1 Rf5 24. Ne2 Rf3 25. Nhg1 Rf6 26. Rh2 b6 27. Ng3 Ke6 28. N1e2 c5 29. Nh5 Rf7 30. Nhf4+ Bxf4 31. Nxf4+ Kf5 32. Rh5+ Ke4 33. Ke2 1-0

[Event "Montreal op"]
[Site "Montreal CAN"]
[Date "1995.??.??"]
[Round "2"]
[White "Berelowitsch, Alexander"]
[Black "Hebert, Jean"]
[Result "1/2-1/2"]
[WhiteElo "2455"]
[BlackElo "2435"]
[PlyCount "66"]
[GameId "2160767912063752"]
[EventDate "1995.09.02"]
[EventType "swiss"]
[EventRounds "5"]
[EventCountry "CAN"]
[SourceTitle "EXT 1997"]
[Source "ChessBase"]
[SourceDate "1996.11.15"]
[SourceVersion "1"]
[SourceVersionDate "1996.11.15"]
[SourceQuality "1"]

1. d4 g6 2. Nf3 Bg7 3. Bf4 d6 4. e3 Nf6 5. h3 O-O 6. Be2 b6 7. O-O Bb7 8. c3 Nbd7 9. Nbd2 e6 10. a4 a5 11. Qc2 Qe7 12. Bh2 h6 13. Rfe1 Kh7 14. e4 e5 15. Bf1 Nh5 16. Bb5 f6 17. Rad1 Rad8 18. Nh4 Bh8 19. g4 Ng7 20. f4 g5 21. fxg5 hxg5 22. Nf5 Nxf5 23. exf5 Bg7 24. Nf1 c6 25. Bd3 Kh8 26. Bg3 d5 27. Qh2 Kg8 28. h4 Rfe8 29. hxg5 fxg5 30. f6 Bxf6 31. dxe5 Bh8 32. Bf5 Nc5 33. Qh5 Ne4 1/2-1/2

[Event "Montreal op"]
[Site "Montreal CAN"]
[Date "1995.09.03"]
[Round "3"]
[White "Hebert, Jean"]
[Black "Linskiy, Oleg"]
[Result "0-1"]
[WhiteElo "2449"]
[BlackElo "2377"]
[PlyCount "80"]
[GameId "2160767912063759"]
[EventDate "1995.09.02"]
[EventType "swiss"]
[EventRounds "5"]
[EventCountry "CAN"]
[SourceTitle "EXT 2022"]
[Source "ChessBase"]
[SourceDate "2021.10.06"]
[SourceVersion "1"]
[SourceVersionDate "2021.10.06"]
[SourceQuality "1"]

1. c4 c5 2. Nf3 Nc6 3. d4 cxd4 4. Nxd4 g6 5. e4 Bg7 6. Be3 Nf6 7. Nc3 d6 8. Be2 O-O 9. f3 Bd7 10. Qd2 Nxd4 11. Bxd4 a5 12. h4 a4 13. h5 e5 14. Be3 Nxh5 15. O-O-O a3 16. b3 Be6 17. Qxd6 Qc8 18. Rhe1 Re8 19. Nb5 Nf4 20. Bf1 Nxg2 21. Bxg2 Bxc4 22. Nc7 Bxb3 23. axb3 Bf8 24. Qd3 Qxc7+ 25. Kb1 a2+ 26. Ka1 Red8 27. Qc4 Qa5 28. Rc1 Ba3 29. Bh3 Bxc1 30. Rxc1 Ra6 31. b4 Qa3 32. b5 Ra4 33. Qc7 Qxe3 34. Qxd8+ Kg7 35. Qc7 Qd4+ 36. Rc3 Qd1+ 37. Rc1 Qd4+ 38. Rc3 Ra3 39. Be6 Qxc3+ 40. Qxc3 Rxc3 0-1

[Event "Festival gourmands"]
[Site "Asbestos CAN"]
[Date "1995.08.25"]
[Round "1"]
[White "Desrosiers, Alain"]
[Black "Hebert, Jean"]
[Result "0-1"]
[WhiteElo "2046"]
[BlackElo "2480"]
[PlyCount "60"]
[GameId "2160767912063775"]
[EventDate "1995.08.25"]
[EventType "swiss"]
[EventRounds "5"]
[EventCountry "CAN"]

1. e4 e6 2. d4 d5 3. Nc3 Bb4 4. Nge2 Nf6 5. Bg5 dxe4 6. a3 Be7 7. Bxf6 Bxf6 8. Nxe4 Be7 9. c4 b6 10. N2c3 O-O 11. Be2 f5 12. Ng3 Bf6 13. Bf3 c6 14. Nge2 Ba6 15. b3 Qd6 16. O-O Nd7 17. g3 Rad8 18. Bg2 Nb8 19. Re1 Rfe8 20. a4 Bxd4 21. Nxd4 Qxd4 22. Qxd4 Rxd4 23. a5 b5 24. Rad1 Rxd1 25. Rxd1 bxc4 26. b4 Bb5 27. f4 Kf7 28. Kf2 Ke7 29. Ke3 Rc8 30. Kd4 Rd8+ 0-1

[Event "Festival gourmands"]
[Site "Asbestos CAN"]
[Date "1995.08.26"]
[Round "2"]
[White "Hebert, Jean"]
[Black "Leveille, Francois"]
[Result "1/2-1/2"]
[WhiteElo "2480"]
[BlackElo "2340"]
[PlyCount "93"]
[GameId "2160767912063778"]
[EventDate "1995.08.25"]
[EventType "swiss"]
[EventRounds "5"]
[EventCountry "CAN"]

1. c4 c6 2. d4 d5 3. Nf3 Nf6 4. e3 Bf5 5. Nc3 e6 6. Bd3 Bg6 7. O-O Nbd7 8. a3 dxc4 9. Bxc4 Bd6 10. Re1 O-O 11. e4 e5 12. Bg5 b5 13. Bf1 a6 14. d5 cxd5 15. Nxd5 Qb8 16. Bxf6 Nxf6 17. Nxf6+ gxf6 18. a4 Bb4 19. Re2 Rd8 20. Qb3 bxa4 21. Qxa4 Qb7 22. Re3 a5 23. Qc2 Rac8 24. Bc4 Qc6 25. b3 Rd6 26. h3 Rcd8 27. g4 Qb7 28. Re2 h5 29. Kg2 hxg4 30. hxg4 Kg7 31. Rh1 Rd2 32. Rxd2 Bxd2 33. Bd3 Rxd3 34. Qxd3 Bxe4 35. Qe2 Bf4 36. Rh3 Bd5 37. Qc2 Be4 38. Qe2 Bd5 39. Qc2 Qxb3 40. Qf5 Qb7 41. Rh7+ Kg8 42. Rh3 Qc6 43. Qb1 e4 44. Nd4 e3+ 45. Kf1 Qc4+ 46. Ne2 Bg2+ 47. Kxg2 1/2-1/2

[Event "Festival gourmands"]
[Site "Asbestos CAN"]
[Date "1995.08.26"]
[Round "3"]
[White "Mikanovic, Goran"]
[Black "Hebert, Jean"]
[Result "1-0"]
[WhiteElo "2233"]
[BlackElo "2480"]
[PlyCount "85"]
[GameId "2160767912063781"]
[EventDate "1995.08.25"]
[EventType "swiss"]
[EventRounds "5"]
[EventCountry "CAN"]

1. d4 Nf6 2. c4 e6 3. Nf3 c5 4. d5 b5 5. Bg5 bxc4 6. Nc3 d6 7. e4 e5 8. Bxc4 Be7 9. O-O O-O 10. Bxf6 Bxf6 11. h3 g6 12. a3 Nd7 13. b4 a6 14. Qd3 Be7 15. Nd2 a5 16. b5 Bg5 17. Bb3 Bxd2 18. Qxd2 Nb6 19. Na4 f5 20. f4 exf4 21. exf5 g5 22. g4 c4 23. Qd4 Nd7 24. Bxc4 Ne5 25. Be2 Qf6 26. Rad1 Qh6 27. Kg2 Bb7 28. Nc3 Rac8 29. Ne4 Rc2 30. Rd2 Rfc8 31. Rxc2 Rxc2 32. Qd1 Nc4 33. Rf3 Ra2 34. Kg1 Ne5 35. Rc3 f3 36. Bf1 Qg7 37. b6 Nd7 38. f6 f2+ 39. Kh2 Qg6 40. Qd4 Ne5 41. Nxd6 Qxf6 42. Nf5 Rc2 43. Re3 1-0

[Event "Festival gourmands"]
[Site "Asbestos CAN"]
[Date "1995.08.27"]
[Round "4"]
[White "Hebert, Jean"]
[Black "Desjardins, Andre"]
[Result "1-0"]
[WhiteElo "2480"]
[BlackElo "1948"]
[PlyCount "75"]
[GameId "2160767912063783"]
[EventDate "1995.08.25"]
[EventType "swiss"]
[EventRounds "5"]
[EventCountry "CAN"]

1. d4 Nf6 2. c4 g6 3. Nc3 Bg7 4. e4 d6 5. Be2 O-O 6. Nf3 e5 7. O-O a5 8. dxe5 dxe5 9. Qxd8 Rxd8 10. Nxe5 Nxe4 11. Nxe4 Bxe5 12. Bg5 Re8 13. Bf3 Nd7 14. Rab1 f5 15. Nc3 Nf8 16. Nd5 Kf7 17. Rfe1 Bd7 18. Be7 Bd6 19. Bxd6 cxd6 20. Nb6 Rxe1+ 21. Rxe1 Re8 22. Rxe8 Bxe8 23. Bxb7 Kf6 24. f4 g5 25. fxg5+ Kxg5 26. Nc8 Ne6 27. Nxd6 Bd7 28. Bd5 Nc5 29. Nb7 Nd3 30. Nxa5 Nxb2 31. c5 Na4 32. c6 Bc8 33. Bb3 Nb6 34. Nc4 Nxc4 35. Bxc4 Kf4 36. Bf7 Ke5 37. Be8 Kd6 38. Bd7 1-0